000 01014nam a2200253 a 4500
005 20080616100023.0
008 070814s2007 ii 001 0 eng
010 _aENG-91546
020 _a9788178298765
_c325.00
035 _aEN-75079
037 _bDBAD / PUB
040 _adpl
_bEnglish
082 _a658.5
100 _aRao, Purba Halady
245 _aGreening the supply chain:
_cby Purba Halady Rao
_ba guide for Asian managers /
260 _aNew Delhi
_bResponse Books
_c2008
300 _axviii, 251p.
_c23 cm (pbk)
500 _aIncludes bibliographical references and index
520 _aContributed articles chiefly with reference to India.
650 _aBusiness logistics
_zAsia
_xHandbooks, manuals, etc.
650 _aSocial responsibility of business
_zAsia
942 _2ddc
_cEN
_mRAO
_h658.5
999 _c18136
_d18136